00381nam a2200157Ia 45000010006000000050017000060080041000230410008000640820015000721000038000872450045001252600009001703000028001796500008002076540008002151760820260306171530.0260306s9999||||xx |||||||||||||| ||und|| aESP a658.1bF64 aFlórez Uribe, Juan AntonioeAUT 0aPlan de negocio para pequeñas empresas c2012 a346 páginas :c24 cm. aGEN aCAN